Normal view
MARC view
- Ijaz Sadaf
Entry Personal Name
001 - CONTROL NUMBER
- control field: 27678
003 - CONTROL NUMBER IDENTIFIER
- control field: NUST
005 - DATE AND TIME OF LATEST TRANSACTION
- control field: 20200116153203.0
008 - FIXED-LENGTH DATA ELEMENTS
- fixed length control field: 200116|| aca||aabn | a|a d
040 ## - CATALOGING SOURCE
- Original cataloging agency: NUST
- Transcribing agency: NUST
100 ## - HEADING--PERSONAL NAME
- Personal name: Ijaz Sadaf
670 ## - SOURCE DATA FOUND
- Source citation: Work cat.: (NUST): Ijaz Sadaf, MS Thesis: Molecular Modeling Strategies to Probe Modulation of NADPH Oxidase 2 (NOX2) in Ischemic Stroke, 2019
